| 000 | 004730000a22001690004500 | ||
|---|---|---|---|
| 003 | MACL | ||
| 005 | 20160101170430.0 | ||
| 008 | 160101b xxu||||| |||| 00| 0 eng d | ||
| 040 |
_aMACL _cMACL |
||
| 041 | _aEnglish | ||
| 082 | _a351.761/JOH | ||
| 100 |
_aJohnson, William _923620 |
||
| 245 | _aThe Liquor Problem in Russia | ||
| 260 |
_bThe American Issue publishing company _c1915 _aWesterville |
||
| 650 |
_aPublic Administration _926729 |
||
| 942 |
_cBK _k351.761/JOH _2ddc |
||
| 999 |
_c37039 _d37039 |
||